[Event "WCO 2016"]
[Site "?"]
[Date "2016.09.13"]
[Round "11"]
[Board "30"]
[WhiteID "7301057"]
[White "Sotomayor Villatoro Silvi"]
[BlackID "6201563"]
[Black "Atthaworadej Worasuda"]
[Result "1-0"]
[BlackElo "1748"]
[WhiteElo "1876"]
[LiveChessVersion "1.4.8"]

1. d4 {[%clk 1:30:57]} Nf6 {[%clk 1:30:52]} 2. e3 {[%clk 1:31:23]} g6
{[%clk 1:31:16]} 3. Bd3 {[%clk 1:29:00]} Bg7 {[%clk 1:31:27]} 4. e4
{[%clk 1:27:52]} c5 {[%clk 1:29:39]} 5. e5 {[%clk 1:25:19]} Nd5 {[%clk 1:26:03]}
6. Be4 {[%clk 1:25:10]} Nb6 {[%clk 1:22:41]} 7. f4 {[%clk 1:21:14]} cxd4
{[%clk 1:20:28]} 8. a4 {[%clk 1:15:47]} d5 {[%clk 1:13:35]} 9. Bd3
{[%clk 1:12:32]} Nc6 {[%clk 1:11:22]} 10. Bb5 {[%clk 1:10:35]} Bf5
{[%clk 1:08:51]} 11. Nf3 {[%clk 1:05:56]} O-O {[%clk 1:05:21]} 12. Bxc6
{[%clk 1:03:04]} bxc6 {[%clk 1:04:57]} 13. Nxd4 {[%clk 1:03:31]} Bd7
{[%clk 0:57:58]} 14. O-O {[%clk 1:03:10]} c5 {[%clk 0:55:53]} 15. Nf3
{[%clk 1:03:31]} Bxa4 {[%clk 0:52:44]} 16. Qe2 {[%clk 0:58:17]} Qc7
{[%clk 0:50:09]} 17. e6 {[%clk 0:52:08]} fxe6 {[%clk 0:44:22]} 18. Qxe6+
{[%clk 0:52:33]} Kh8 {[%clk 0:44:08]} 19. Ng5 {[%clk 0:52:54]} Be8
{[%clk 0:42:37]} 20. Qh3 {[%clk 0:47:57]} h6 {[%clk 0:38:41]} 21. g4
{[%clk 0:11:57]} Qc6 {[%clk 0:22:56]} 22. Re1 {[%clk 0:11:14]} Kg8
{[%clk 0:19:25]} 23. Ne6 {[%clk 0:09:46]} Rf6 {[%clk 0:17:38]} 24. Nxg7
{[%clk 0:07:27]} Kxg7 {[%clk 0:17:21]} 25. Rxe7+ {[%clk 0:07:56]} Rf7
{[%clk 0:16:41]} 26. Re1 {[%clk 0:07:23]} Qd6 {[%clk 0:10:56]} 27. Nc3
{[%clk 0:03:34]} Bc6 {[%clk 0:10:15]} 28. Bd2 {[%clk 0:03:32]} Nc4
{[%clk 0:09:21]} 29. Bc1 {[%clk 0:03:00]} Re7 {[%clk 0:07:59]} 30. Qh4
{[%clk 0:02:18]} Rae8 {[%clk 0:06:08]} 31. Rxe7+ {[%clk 0:02:14]} Qxe7
{[%clk 0:04:46]} 32. Qxe7+ {[%clk 0:02:34]} Rxe7 {[%clk 0:05:12]} 33. Kf2
{[%clk 0:02:56]} Rf7 {[%clk 0:03:41]} 34. b3 {[%clk 0:02:48]} Nd6
{[%clk 0:03:20]} 35. Ra6 {[%clk 0:02:55]} Nb5 {[%clk 0:01:45]} 36. Rxc6
{[%clk 0:01:35]} Nxc3 {[%clk 0:02:05]} 37. Bb2 {[%clk 0:01:15]} d4
{[%clk 0:01:56]} 38. Bxc3 {[%clk 0:01:23]} dxc3 {[%clk 0:02:19]} 39. Kf3
{[%clk 0:01:16]} Rd7 {[%clk 0:01:13]} 40. Rxc5 {[%clk 0:31:31]} Rd2
{[%clk 0:30:54]} 41. Rxc3 {[%clk 0:31:58]} Rxh2 {[%clk 0:30:52]} 42. Rc7+
{[%clk 0:29:46]} Kf6 {[%clk 0:30:09]} 43. Rc6+ {[%clk 0:27:43]} Kf7
{[%clk 0:29:28]} 44. b4 {[%clk 0:27:40]} Rd2 {[%clk 0:26:44]} 45. c4
{[%clk 0:19:01]} Rc2 {[%clk 0:23:29]} 46. b5 {[%clk 0:16:08]} Rc3+
{[%clk 0:21:17]} 47. Ke4 {[%clk 0:16:37]} Rc1 {[%clk 0:21:08]} 48. c5
{[%clk 0:09:18]} Re1+ {[%clk 0:19:06]} 49. Kf3 {[%clk 0:09:46]} Rc1
{[%clk 0:15:03]} 50. Rc7+ {[%clk 0:07:40]} Kf6 {[%clk 0:11:29]} 51. c6
{[%clk 0:07:55]} Rc5 {[%clk 0:10:21]} 52. Rb7 {[%clk 0:07:48]} a6
{[%clk 0:08:28]} 53. bxa6 {[%clk 0:06:50]} Rxc6 {[%clk 0:08:43]} 54. a7
{[%clk 0:07:19]} Ra6 {[%clk 0:08:24]} 55. Rb6+ {[%clk 0:07:42]} 1-0

[Event "WCO 2016"]
[Site "?"]
[Date "2016.09.13"]
[Round "11"]
[Board "31"]
[WhiteID "6200117"]
[White "Taweesupmun Chanida"]
[BlackID "7300115"]
[Black "Mazariegos Silvia Carolina"]
[Result "0-1"]
[BlackElo "1942"]
[WhiteElo "1773"]
[LiveChessVersion "1.4.8"]

1. d4 {[%clk 1:30:57]} d6 {[%clk 1:30:49]} 2. Nf3 {[%clk 1:31:19]} Nf6
{[%clk 1:31:14]} 3. Bf4 {[%clk 1:31:29]} g6 {[%clk 1:31:29]} 4. h3
{[%clk 1:31:27]} Bg7 {[%clk 1:31:52]} 5. e3 {[%clk 1:31:51]} O-O {[%clk 1:32:16]}
6. Bd3 {[%clk 1:31:51]} Nfd7 {[%clk 1:31:34]} 7. Nbd2 {[%clk 1:29:59]} e5
{[%clk 1:31:16]} 8. dxe5 {[%clk 1:29:17]} dxe5 {[%clk 1:31:23]} 9. Bg5
{[%clk 1:29:40]} f6 {[%clk 1:30:26]} 10. Bh4 {[%clk 1:30:03]} c6 {[%clk 1:29:25]}
11. c3 {[%clk 1:29:33]} Nc5 {[%clk 1:22:07]} 12. Bc4+ {[%clk 1:26:00]} Kh8
{[%clk 1:20:11]} 13. Nb3 {[%clk 1:23:43]} Qe7 {[%clk 1:17:49]} 14. Nxc5
{[%clk 1:19:32]} Qxc5 {[%clk 1:18:07]} 15. Qe2 {[%clk 1:19:34]} b5
{[%clk 1:17:24]} 16. Bb3 {[%clk 1:19:42]} a5 {[%clk 1:15:01]} 17. O-O
{[%clk 1:17:32]} a4 {[%clk 1:13:37]} 18. Bc2 {[%clk 1:17:25]} Be6
{[%clk 1:11:53]} 19. a3 {[%clk 1:17:08]} Bc4 {[%clk 1:09:07]} 20. Bd3
{[%clk 1:17:30]} e4 {[%clk 1:05:20]} 21. Bxc4 {[%clk 1:15:13]} exf3
{[%clk 1:05:40]} 22. Qxf3 {[%clk 1:15:34]} Qxc4 {[%clk 1:05:58]} 23. Rfd1
{[%clk 1:15:24]} Qxh4 0-1

[Event "WCO 2016"]
[Site "?"]
[Date "2016.09.13"]
[Round "11"]
[Board "29"]
[WhiteID "5501148"]
[White "Marzouk Amira"]
[BlackID "14800144"]
[Black "Vilhete Vania Fausto Da T."]
[Result "1-0"]
[BlackElo "1741"]
[WhiteElo "1724"]
[LiveChessVersion "1.4.8"]

1. e4 {[%clk 1:30:41]} c5 {[%clk 1:30:54]} 2. Nc3 {[%clk 1:31:04]} d6
{[%clk 1:31:16]} 3. g3 {[%clk 1:31:23]} Nf6 {[%clk 1:31:30]} 4. Bg2
{[%clk 1:31:41]} Nc6 {[%clk 1:31:45]} 5. d3 {[%clk 1:31:48]} e6 {[%clk 1:31:53]}
6. f4 {[%clk 1:28:55]} Be7 {[%clk 1:29:33]} 7. Nf3 {[%clk 1:29:16]} Bd7
{[%clk 1:29:54]} 8. O-O {[%clk 1:29:21]} a6 {[%clk 1:29:18]} 9. h3
{[%clk 1:28:41]} Qc7 {[%clk 1:29:41]} 10. Be3 {[%clk 1:25:00]} d5
{[%clk 1:24:44]} 11. Bf2 {[%clk 1:20:33]} dxe4 {[%clk 1:22:24]} 12. dxe4
{[%clk 1:20:01]} e5 {[%clk 1:21:18]} 13. Nd5 {[%clk 1:12:21]} Qd6
{[%clk 1:14:13]} 14. Nxf6+ {[%clk 0:37:06]} Qxf6 {[%clk 1:13:58]} 15. f5
{[%clk 0:37:09]} Rd8 {[%clk 1:12:34]} 16. Qe1 {[%clk 0:36:37]} Nd4
{[%clk 1:12:24]} 17. Bxd4 {[%clk 0:31:40]} cxd4 {[%clk 1:12:01]} 18. Qa5
{[%clk 0:31:40]} Bb5 {[%clk 1:09:57]} 19. Rfd1 {[%clk 0:31:16]} b6
{[%clk 1:09:24]} 20. Qe1 {[%clk 0:31:19]} Bc5 {[%clk 1:08:19]} 21. Kh2
{[%clk 0:31:09]} Bc6 {[%clk 1:06:33]} 22. Nd2 {[%clk 0:25:27]} O-O
{[%clk 1:04:49]} 23. g4 {[%clk 0:25:01]} h5 {[%clk 0:57:45]} 24. gxh5
{[%clk 0:18:53]} d3 {[%clk 0:53:45]} 25. c3 {[%clk 0:16:37]} Qh6 {[%clk 0:53:27]}
26. Nc4 {[%clk 0:12:08]} Be3 {[%clk 0:52:29]} 27. Qxe3 {[%clk 0:11:28]} Qxh5
{[%clk 0:52:20]} 28. Nxe5 {[%clk 0:10:28]} Ba8 {[%clk 0:51:55]} 29. Rxd3
{[%clk 0:07:47]} Rxd3 {[%clk 0:51:51]} 30. Nxd3 {[%clk 0:07:31]} Re8
{[%clk 0:51:55]} 31. Nf2 {[%clk 0:06:29]} b5 {[%clk 0:50:58]} 32. Qf3
{[%clk 0:06:00]} Qg5 {[%clk 0:50:45]} 33. Qg3 {[%clk 0:06:07]} Qf6
{[%clk 0:50:47]} 34. Rd1 {[%clk 0:06:13]} Bc6 {[%clk 0:50:10]} 35. e5
{[%clk 0:05:21]} Rxe5 {[%clk 0:48:44]} 36. Bxc6 {[%clk 0:05:11]} Rxf5
{[%clk 0:49:05]} 37. Qb8+ {[%clk 0:05:15]} Kh7 {[%clk 0:48:54]} 38. Be4
{[%clk 0:05:28]} g6 {[%clk 0:48:43]} 39. Bxf5 {[%clk 0:05:20]} Qxf5
{[%clk 0:49:07]} 40. Qg3 {[%clk 0:34:24]} Qc2 {[%clk 1:19:25]} 41. Rd8
{[%clk 0:33:01]} 1-0

[Event "WCO 2016"]
[Site "?"]
[Date "2016.09.13"]
[Round "11"]
[Board "31"]
[WhiteID "5501652"]
[White "Meddeb Chadha"]
[BlackID "14800250"]
[Black "Castro Neusa Aridas De"]
[Result "1-0"]
[BlackElo "1476"]
[WhiteElo "1585"]
[LiveChessVersion "1.4.8"]

1. e4 {[%clk 1:30:58]} e5 {[%clk 1:30:55]} 2. Nf3 {[%clk 1:31:23]} Nc6
{[%clk 1:31:18]} 3. d4 {[%clk 1:31:45]} exd4 {[%clk 1:30:34]} 4. Nxd4
{[%clk 1:32:12]} Ne5 {[%clk 1:29:55]} 5. f4 {[%clk 1:28:00]} Ng6 {[%clk 1:29:30]}
6. Bc4 {[%clk 1:26:18]} Qe7 {[%clk 1:25:26]} 7. Nc3 {[%clk 1:19:24]} Qc5
{[%clk 1:19:40]} 8. Qd3 {[%clk 1:17:02]} Nh6 {[%clk 1:17:25]} 9. h3
{[%clk 1:15:50]} d6 {[%clk 1:16:33]} 10. Be3 {[%clk 1:06:36]} Qh5
{[%clk 1:08:09]} 11. Nde2 {[%clk 0:53:15]} Qh4+ {[%clk 1:07:52]} 12. g3
{[%clk 0:50:47]} Qd8 {[%clk 1:04:48]} 13. Nd4 {[%clk 0:40:56]} f5
{[%clk 1:04:40]} 14. Nxf5 {[%clk 0:36:38]} Bxf5 {[%clk 1:00:25]} 15. exf5
{[%clk 0:37:03]} Ne7 {[%clk 0:59:30]} 16. g4 {[%clk 0:34:12]} a6 {[%clk 0:58:17]}
17. Qe4 {[%clk 0:32:04]} c6 {[%clk 0:57:01]} 18. Be6 {[%clk 0:31:05]} d5
{[%clk 0:55:22]} 19. Qd4 {[%clk 0:27:38]} Qd6 {[%clk 0:51:49]} 20. Ne4
{[%clk 0:22:07]} Qc7 {[%clk 0:50:03]} 21. Nc5 {[%clk 0:22:24]} b6
{[%clk 0:44:39]} 22. Bd7+ {[%clk 0:21:55]} Kf7 {[%clk 0:44:05]} 23. Nd3
{[%clk 0:18:30]} Nc8 {[%clk 0:42:24]} 24. Ne5+ {[%clk 0:17:17]} Ke7
{[%clk 0:41:20]} 25. Bxc6 {[%clk 0:17:22]} Rb8 {[%clk 0:41:07]} 26. Qxd5
{[%clk 0:14:27]} Qd6 {[%clk 0:39:48]} 27. O-O-O {[%clk 0:14:35]} Qxd5
{[%clk 0:37:19]} 28. Bxd5 {[%clk 0:14:02]} Nd6 {[%clk 0:36:16]} 29. Nc6+
{[%clk 0:14:30]} Ke8 {[%clk 0:31:18]} 30. Nxb8 {[%clk 0:14:33]} Be7
{[%clk 0:29:55]} 31. Bxb6 {[%clk 0:14:36]} Nc8 {[%clk 0:29:59]} 32. Bc7
{[%clk 0:12:44]} Rf8 {[%clk 0:29:54]} 33. Rhe1 {[%clk 0:12:59]} Na7
{[%clk 0:28:26]} 34. Bc4 {[%clk 0:12:54]} Nb5 {[%clk 0:27:56]} 35. Rd8#
{[%clk 0:13:10]} 1-0

[Event "WCO 2016"]
[Site "?"]
[Date "2016.09.13"]
[Round "11"]
[Board "32"]
[WhiteID "14800292"]
[White "Farnela Nuzela Zacarias Musindo"]
[BlackID "5503779"]
[Black "Miladi Amen"]
[Result "1/2-1/2"]
[BlackElo "1491"]
[WhiteElo "1350"]
[LiveChessVersion "1.4.8"]

1. e4 {[%clk 1:30:58]} c5 {[%clk 1:30:50]} 2. Nc3 {[%clk 1:31:02]} e6
{[%clk 1:30:41]} 3. Nf3 {[%clk 1:29:33]} d5 {[%clk 1:28:56]} 4. exd5
{[%clk 1:28:13]} exd5 {[%clk 1:29:20]} 5. Qe2+ {[%clk 1:25:17]} Ne7
{[%clk 1:26:29]} 6. d3 {[%clk 1:23:13]} Nbc6 {[%clk 1:24:40]} 7. Bg5
{[%clk 1:18:35]} h6 {[%clk 1:24:29]} 8. Bh4 {[%clk 1:18:28]} Be6 {[%clk 1:20:28]}
9. Qd2 {[%clk 1:18:04]} Qd7 {[%clk 1:19:55]} 10. Bxe7 {[%clk 1:15:45]} Bxe7
{[%clk 1:20:10]} 11. Be2 {[%clk 1:15:32]} Bf6 {[%clk 1:19:28]} 12. O-O
{[%clk 1:12:50]} O-O {[%clk 1:18:22]} 13. a3 {[%clk 1:11:50]} Rfe8
{[%clk 1:14:00]} 14. Rab1 {[%clk 1:05:51]} Rac8 {[%clk 1:14:04]} 15. Ne1
{[%clk 1:00:22]} Nd4 {[%clk 1:10:28]} 16. Bd1 {[%clk 0:58:45]} Qd6
{[%clk 1:03:24]} 17. Ne2 {[%clk 0:53:24]} Nc6 {[%clk 0:50:55]} 18. f4
{[%clk 0:48:03]} Nd4 {[%clk 0:46:00]} 19. Nf3 {[%clk 0:45:50]} Nxf3+
{[%clk 0:45:35]} 20. Rxf3 {[%clk 0:45:54]} Bg4 {[%clk 0:44:50]} 21. Rg3
{[%clk 0:45:42]} Qe6 {[%clk 0:44:14]} 22. f5 {[%clk 0:35:42]} Qxf5
{[%clk 0:43:17]} 23. Nf4 {[%clk 0:29:38]} Bxd1 {[%clk 0:41:24]} 24. Rxd1
{[%clk 0:29:06]} Bxb2 {[%clk 0:41:11]} 25. c4 {[%clk 0:26:10]} Bd4+
{[%clk 0:40:32]} 26. Kh1 {[%clk 0:25:52]} dxc4 {[%clk 0:40:47]} 27. dxc4
{[%clk 0:25:37]} Rcd8 {[%clk 0:40:59]} 28. Nd5 {[%clk 0:25:32]} Be5
{[%clk 0:39:58]} 29. Rf3 {[%clk 0:23:30]} Qh5 {[%clk 0:33:21]} 30. h3
{[%clk 0:17:19]} Qh4 {[%clk 0:28:07]} 31. Qd3 {[%clk 0:13:11]} Bd4
{[%clk 0:22:54]} 32. Qf5 {[%clk 0:10:16]} Re1+ {[%clk 0:23:03]} 33. Rf1
{[%clk 0:08:51]} Rxf1+ {[%clk 0:22:33]} 34. Rxf1 {[%clk 0:09:08]} Rf8
{[%clk 0:22:22]} 35. Qd7 {[%clk 0:08:12]} Qd8 {[%clk 0:20:06]} 36. Qxb7
{[%clk 0:07:17]} 1/2-1/2

[Event "WCO 2016"]
[Site "?"]
[Date "2016.09.13"]
[Round "11"]
[Board "1"]
[WhiteID "8200521"]
[White "dos Ramos Rosangela"]
[BlackID "3902773"]
[Black "Mena Ailen Oriana"]
[Result "1/2-1/2"]
[BlackElo "1715"]
[WhiteElo "1821"]
[LiveChessVersion "1.4.8"]

1. e4 {[%clk 1:30:54]} e5 {[%clk 1:30:45]} 2. Nf3 {[%clk 1:31:13]} Nc6
{[%clk 1:30:47]} 3. Bb5 {[%clk 1:31:35]} f5 {[%clk 1:28:58]} 4. Bxc6
{[%clk 1:31:36]} dxc6 {[%clk 1:29:13]} 5. Nc3 {[%clk 1:32:01]} fxe4
{[%clk 1:23:12]} 6. Nxe4 {[%clk 1:32:25]} Nf6 {[%clk 1:23:08]} 7. Qe2
{[%clk 1:32:28]} Qe7 {[%clk 1:19:10]} 8. d3 {[%clk 1:19:12]} Bg4 {[%clk 1:12:40]}
9. h3 {[%clk 1:17:47]} Bxf3 {[%clk 1:09:34]} 10. Qxf3 {[%clk 1:17:59]} Nxe4
{[%clk 1:06:09]} 11. Qxe4 {[%clk 1:17:05]} Qb4+ {[%clk 1:05:42]} 12. Qxb4
{[%clk 1:09:45]} Bxb4+ {[%clk 1:05:59]} 13. Bd2 {[%clk 1:09:31]} Bc5
{[%clk 1:03:25]} 14. Ke2 {[%clk 1:04:35]} O-O-O {[%clk 1:02:26]} 15. f3
{[%clk 1:00:56]} Bd4 {[%clk 0:59:52]} 16. Rab1 {[%clk 0:55:33]} Rhf8
{[%clk 0:56:13]} 17. Rhe1 {[%clk 0:55:10]} Rd5 {[%clk 0:53:43]} 18. Kf1
{[%clk 0:42:45]} Rf5 {[%clk 0:46:11]} 19. Re4 {[%clk 0:42:26]} Kd8
{[%clk 0:42:07]} 20. Ke2 {[%clk 0:42:34]} Bc5 {[%clk 0:39:14]} 21. Be3
{[%clk 0:38:14]} Bd4 {[%clk 0:34:51]} 22. c3 {[%clk 0:36:27]} Bxe3
{[%clk 0:34:57]} 23. Kxe3 {[%clk 0:36:55]} Rf4 {[%clk 0:34:40]} 24. g3
{[%clk 0:28:06]} Rxe4+ {[%clk 0:31:16]} 25. dxe4 {[%clk 0:28:26]} Rd6
{[%clk 0:30:40]} 26. f4 {[%clk 0:24:18]} exf4+ {[%clk 0:27:57]} 27. gxf4
{[%clk 0:24:45]} Rh6 {[%clk 0:27:49]} 28. Rh1 {[%clk 0:24:08]} Ke7
{[%clk 0:27:58]} 29. Kf3 {[%clk 0:15:03]} c5 {[%clk 0:22:35]} 30. c4
{[%clk 0:15:01]} Ra6 {[%clk 0:22:28]} 31. Rg1 {[%clk 0:10:59]} Kf7
{[%clk 0:20:43]} 32. a3 {[%clk 0:10:58]} Rb6 {[%clk 0:20:48]} 33. Rg2
{[%clk 0:10:06]} Rh6 {[%clk 0:18:29]} 34. Rg3 {[%clk 0:10:14]} Rb6
{[%clk 0:18:41]} 35. Rg2 {[%clk 0:10:21]} Rh6 {[%clk 0:18:41]} 36. Rh2
{[%clk 0:10:26]} Rb6 {[%clk 0:16:13]} 37. h4 {[%clk 0:06:21]} Rb3+
{[%clk 0:14:58]} 38. Kg4 {[%clk 0:06:47]} Rb6 {[%clk 0:14:12]} 39. h5
{[%clk 0:06:14]} Rd6 {[%clk 0:06:19]} 40. e5 {[%clk 0:30:37]} Rd1
{[%clk 0:32:43]} 41. Rh3 {[%clk 0:28:57]} Ke6 {[%clk 0:27:25]} 42. Rb3
{[%clk 0:21:56]} b6 {[%clk 0:27:15]} 43. Re3 {[%clk 0:22:22]} Rg1+
{[%clk 0:26:02]} 44. Rg3 {[%clk 0:22:51]} Rf1 {[%clk 0:20:28]} 45. Rf3
{[%clk 0:20:47]} Rg1+ {[%clk 0:19:55]} 46. Rg3 {[%clk 0:21:15]} Rf1
{[%clk 0:20:16]} 47. Kg5 {[%clk 0:20:22]} a6 {[%clk 0:18:45]} 48. Kg4
{[%clk 0:17:39]} a5 {[%clk 0:18:16]} 49. a4 {[%clk 0:17:09]} Rf2 {[%clk 0:13:22]}
50. b3 {[%clk 0:17:03]} Rf1 {[%clk 0:13:42]} 51. Kg5 {[%clk 0:16:52]} Rf2
{[%clk 0:13:06]} 52. Kg4 {[%clk 0:16:25]} Rf1 {[%clk 0:12:45]} 1/2-1/2

[Event "WCO 2016"]
[Site "?"]
[Date "2016.09.13"]
[Round "11"]
[Board "3"]
[WhiteID "8200335"]
[White "Frijde Reyna"]
[BlackID "7500408"]
[Black "Salim-Moussa Arzy Zahia"]
[Result "1/2-1/2"]
[BlackElo "1403"]
[WhiteElo "1605"]
[LiveChessVersion "1.4.8"]

1. e4 {[%clk 1:30:55]} e5 {[%clk 1:30:52]} 2. Nf3 {[%clk 1:31:21]} Nc6
{[%clk 1:30:36]} 3. Bc4 {[%clk 1:31:10]} h6 {[%clk 1:29:51]} 4. d3
{[%clk 1:30:49]} Nf6 {[%clk 1:30:02]} 5. Bb3 {[%clk 1:30:47]} g6 {[%clk 1:27:44]}
6. Nc3 {[%clk 1:27:46]} Bb4 {[%clk 1:25:51]} 7. Bd2 {[%clk 1:28:02]} Bxc3
{[%clk 1:24:02]} 8. Bxc3 {[%clk 1:28:23]} d6 {[%clk 1:21:10]} 9. h3
{[%clk 1:26:02]} Qe7 {[%clk 1:18:42]} 10. Qe2 {[%clk 1:21:57]} Be6
{[%clk 1:16:59]} 11. d4 {[%clk 1:05:54]} exd4 {[%clk 1:07:21]} 12. Nxd4
{[%clk 1:06:12]} Nxd4 {[%clk 1:05:56]} 13. Bxd4 {[%clk 1:06:34]} O-O
{[%clk 1:00:29]} 14. O-O {[%clk 0:59:06]} Bxb3 {[%clk 0:54:33]} 15. Bxf6
{[%clk 0:59:18]} Qxf6 {[%clk 0:53:47]} 16. cxb3 {[%clk 0:59:43]} Rfe8
{[%clk 0:53:36]} 17. Qc2 {[%clk 0:59:26]} Re7 {[%clk 0:51:54]} 18. Rfd1
{[%clk 0:58:04]} Rae8 {[%clk 0:42:52]} 19. f3 {[%clk 0:58:00]} c6
{[%clk 0:41:17]} 20. Qd2 {[%clk 0:50:41]} Qe5 {[%clk 0:33:13]} 21. Qxd6
{[%clk 0:50:01]} Qxd6 {[%clk 0:33:33]} 22. Rxd6 {[%clk 0:49:27]} Kg7
{[%clk 0:33:37]} 23. Rad1 {[%clk 0:46:33]} f5 {[%clk 0:25:51]} 24. Rd7
{[%clk 0:45:15]} fxe4 {[%clk 0:22:47]} 25. Rxe7+ {[%clk 0:44:30]} Rxe7
{[%clk 0:22:23]} 26. fxe4 {[%clk 0:44:52]} Kf7 {[%clk 0:19:26]} 27. Kf2
{[%clk 0:44:32]} Rxe4 {[%clk 0:19:02]} 28. Rd7+ {[%clk 0:44:57]} Re7
{[%clk 0:19:16]} 29. Rxe7+ {[%clk 0:44:28]} Kxe7 {[%clk 0:19:45]} 30. Ke3
{[%clk 0:44:57]} c5 {[%clk 0:18:04]} 31. a4 {[%clk 0:44:56]} Ke6 {[%clk 0:18:00]}
32. Ke4 {[%clk 0:45:23]} a5 {[%clk 0:17:04]} 33. h4 {[%clk 0:44:46]} g5
{[%clk 0:12:24]} 34. hxg5 {[%clk 0:36:38]} hxg5 {[%clk 0:10:12]} 35. g3
{[%clk 0:36:31]} Kf6 {[%clk 0:07:20]} 36. Kd5 {[%clk 0:15:31]} Kf5
{[%clk 0:06:48]} 37. Kxc5 {[%clk 0:15:59]} Kg4 {[%clk 0:07:01]} 38. Kb6
{[%clk 0:16:28]} Kxg3 {[%clk 0:06:57]} 39. Kxb7 {[%clk 0:16:56]} Kf4
{[%clk 0:06:27]} 40. b4 {[%clk 0:47:17]} g4 {[%clk 0:34:41]} 41. bxa5
{[%clk 0:44:28]} g3 {[%clk 0:32:05]} 42. a6 {[%clk 0:44:57]} g2 {[%clk 0:32:25]}
43. a7 {[%clk 0:45:20]} g1=Q {[%clk 0:32:43]} 44. a8=Q {[%clk 0:45:45]} Qg2+
{[%clk 0:32:22]} 45. Ka7 {[%clk 0:45:47]} Qf2+ {[%clk 0:31:34]} 46. Ka6
{[%clk 0:43:36]} Qe2+ {[%clk 0:30:01]} 47. Ka5 {[%clk 0:41:16]} Qe5+
{[%clk 0:28:37]} 48. Ka6 {[%clk 0:37:52]} Qe2+ {[%clk 0:25:07]} 49. Ka7
{[%clk 0:38:16]} Qe3+ {[%clk 0:25:18]} 50. Kb8 {[%clk 0:36:25]} Qe5+
{[%clk 0:22:55]} 51. Kb7 {[%clk 0:34:06]} Qxb2+ {[%clk 0:20:14]} 52. Ka7
{[%clk 0:34:19]} Qf2+ {[%clk 0:19:58]} 1/2-1/2

[Event "WCO 2016"]
[Site "?"]
[Date "2016.09.13"]
[Round "11"]
[Board "4"]
[WhiteID "7500440"]
[White "Salim-Moussa Seydi"]
[BlackID "8201340"]
[Black "Kaslan Alexandra"]
[Result "0-1"]
[BlackElo "1474"]
[WhiteElo "1668"]
[LiveChessVersion "1.4.8"]

1. e4 {[%clk 1:30:55]} c5 {[%clk 1:30:47]} 2. Nf3 {[%clk 1:31:17]} d6
{[%clk 1:31:08]} 3. d4 {[%clk 1:31:24]} cxd4 {[%clk 1:31:27]} 4. Nxd4
{[%clk 1:31:47]} Nf6 {[%clk 1:31:31]} 5. Nc3 {[%clk 1:32:02]} a6 {[%clk 1:31:36]}
6. Bd3 {[%clk 1:32:08]} Nc6 {[%clk 1:31:33]} 7. Nf3 {[%clk 1:32:17]} e6
{[%clk 1:31:05]} 8. O-O {[%clk 1:32:15]} Be7 {[%clk 1:30:59]} 9. Re1
{[%clk 1:32:03]} Qc7 {[%clk 1:28:58]} 10. a3 {[%clk 1:31:36]} O-O
{[%clk 1:28:48]} 11. h3 {[%clk 1:30:00]} b5 {[%clk 1:23:39]} 12. Be3
{[%clk 1:29:19]} Bb7 {[%clk 1:23:21]} 13. Qd2 {[%clk 1:25:05]} Rac8
{[%clk 1:23:00]} 14. Ne2 {[%clk 1:13:48]} Rfd8 {[%clk 1:20:24]} 15. Nf4
{[%clk 1:08:14]} Ne5 {[%clk 1:19:18]} 16. Nd4 {[%clk 0:58:39]} Nc4
{[%clk 1:14:16]} 17. Bxc4 {[%clk 0:52:43]} Qxc4 {[%clk 1:13:01]} 18. b3
{[%clk 0:48:23]} Qc3 {[%clk 1:11:11]} 19. Qxc3 {[%clk 0:45:15]} Rxc3
{[%clk 1:11:16]} 20. Bd2 {[%clk 0:41:11]} Rcc8 {[%clk 1:09:39]} 21. f3
{[%clk 0:38:15]} Nd7 {[%clk 1:01:14]} 22. Nd3 {[%clk 0:25:09]} Bf6
{[%clk 0:59:29]} 23. c3 {[%clk 0:25:18]} Nc5 {[%clk 0:59:04]} 24. Nc1
{[%clk 0:24:03]} Rd7 {[%clk 0:54:52]} 25. Ra2 {[%clk 0:23:32]} Rdc7
{[%clk 0:54:54]} 26. Nde2 {[%clk 0:22:39]} d5 {[%clk 0:52:14]} 27. b4
{[%clk 0:18:45]} Na4 {[%clk 0:51:52]} 28. exd5 {[%clk 0:18:14]} Bxd5
{[%clk 0:46:51]} 29. Rc2 {[%clk 0:18:30]} Nb6 {[%clk 0:44:24]} 30. Nd3
{[%clk 0:10:43]} Nc4 {[%clk 0:42:04]} 31. Nc5 {[%clk 0:09:51]} Nxa3
{[%clk 0:41:13]} 32. Rcc1 {[%clk 0:09:38]} Ra8 {[%clk 0:32:38]} 33. Ra1
{[%clk 0:09:08]} Nc2 {[%clk 0:32:44]} 34. Rxa6 {[%clk 0:08:47]} Nxe1
{[%clk 0:32:41]} 35. Rxa8+ {[%clk 0:08:32]} Bxa8 {[%clk 0:32:51]} 36. Bxe1
{[%clk 0:08:43]} Ra7 {[%clk 0:31:25]} 37. Bf2 {[%clk 0:08:15]} Ra3
{[%clk 0:30:37]} 38. Be1 {[%clk 0:06:07]} Bd5 {[%clk 0:29:37]} 39. Kf1
{[%clk 0:03:29]} Bc4 {[%clk 0:29:35]} 40. Ne4 {[%clk 0:33:21]} Be5
{[%clk 0:57:57]} 41. g3 {[%clk 0:32:13]} Bd3 {[%clk 0:56:50]} 42. f4
{[%clk 0:29:12]} Bxf4 {[%clk 0:51:51]} 43. gxf4 {[%clk 0:28:47]} Bxe4
{[%clk 0:52:05]} 44. Nd4 {[%clk 0:27:48]} Bd3+ {[%clk 0:50:38]} 45. Kf2
{[%clk 0:27:24]} Bc4 {[%clk 0:47:21]} 46. Ke3 {[%clk 0:25:24]} f6
{[%clk 0:44:01]} 47. Ke4 {[%clk 0:24:44]} Kf7 {[%clk 0:42:59]} 48. h4
{[%clk 0:23:26]} g6 {[%clk 0:41:58]} 49. Bd2 {[%clk 0:21:55]} Ra2
{[%clk 0:41:34]} 50. Be1 {[%clk 0:22:15]} Rh2 {[%clk 0:41:14]} 51. Nf3
{[%clk 0:20:31]} Bd5+ {[%clk 0:38:41]} 52. Kd4 {[%clk 0:14:28]} Bxf3
{[%clk 0:38:54]} 53. c4 {[%clk 0:14:48]} bxc4 {[%clk 0:39:05]} 54. Kxc4
{[%clk 0:15:08]} Bd5+ {[%clk 0:39:13]} 55. Kb5 {[%clk 0:14:24]} Re2
{[%clk 0:38:57]} 56. Bc3 {[%clk 0:14:23]} Rc2 {[%clk 0:38:45]} 57. Bd4
{[%clk 0:14:19]} Rc4 {[%clk 0:38:52]} 58. Bc5 {[%clk 0:14:40]} Rxf4
{[%clk 0:38:57]} 59. Kb6 {[%clk 0:14:54]} Rxh4 {[%clk 0:39:12]} 60. b5
{[%clk 0:15:05]} Rc4 {[%clk 0:38:57]} 61. Ba3 {[%clk 0:15:01]} h5
{[%clk 0:38:54]} 62. Ka5 {[%clk 0:14:17]} g5 {[%clk 0:38:57]} 63. b6
{[%clk 0:14:09]} Rc8 {[%clk 0:39:09]} 64. Kb5 {[%clk 0:14:13]} h4
{[%clk 0:39:08]} 65. Bd6 {[%clk 0:14:18]} g4 {[%clk 0:39:13]} 66. Bc7
{[%clk 0:14:21]} g3 {[%clk 0:39:17]} 67. Kb4 {[%clk 0:13:39]} g2 {[%clk 0:39:23]}
68. Bh2 {[%clk 0:13:51]} Rc1 {[%clk 0:39:27]} 0-1